UM Logo

Minimizing corruption: (Record no. 3365)

MARC details
000 -LEADER
fixed length control field 00772nam a22002177a 4500
008 - FIXED-LENGTH DATA ELEMENTS--GENERAL INFORMATION
fixed length control field 160712b xxu||||| |||| 00| 0 eng d
020 ## - INTERNATIONAL STANDARD BOOK NUMBER
International Standard Book Number 9789715350303
082 ## - DEWEY DECIMAL CLASSIFICATION NUMBER
Edition number 2007
Classification number DFil 364.132309599
Item number M66
245 ## - TITLE STATEMENT
Title Minimizing corruption:
Remainder of title Philippine democracy assessment/
260 ## - PUBLICATION, DISTRIBUTION, ETC. (IMPRINT)
Place of publication, distribution, etc. Pasig City:
Name of publisher, distributor, etc. Friedrich-Ebert-Stiftung,
Date of publication, distribution, etc. c2007.
300 ## - PHYSICAL DESCRIPTION
Extent vii, 199 pages:
Other physical details illustrations;
Dimensions 23 cm.
500 ## - GENERAL NOTE
General note Includes references and index.
650 #0 - SUBJECT ADDED ENTRY--TOPICAL TERM
9 (RLIN) 11213
Topical term or geographic name as entry element Corruption
Geographic subdivision Philippines
650 #0 - SUBJECT ADDED ENTRY--TOPICAL TERM
9 (RLIN) 11214
Topical term or geographic name as entry element Political corruption
Geographic subdivision Philippines
650 #0 - SUBJECT ADDED ENTRY--TOPICAL TERM
9 (RLIN) 11215
Topical term or geographic name as entry element Misconduct in office
Geographic subdivision Philippines
700 ## - ADDED ENTRY--PERSONAL NAME
9 (RLIN) 11217
Personal name Co, Edna E.A.
700 ## - ADDED ENTRY--PERSONAL NAME
9 (RLIN) 11218
Personal name Lim, Millard O.
700 ## - ADDED ENTRY--PERSONAL NAME
9 (RLIN) 11219
Personal name Jayme-Lao, Maria Elissa
700 ## - ADDED ENTRY--PERSONAL NAME
9 (RLIN) 11220
Personal name Juan, Lilibeth J.
942 ## - ADDED ENTRY ELEMENTS (KOHA)
Source of classification or shelving scheme Dewey Decimal Classification
Koha item type Filipiniana
Holdings
Withdrawn status Lost status Source of classification or shelving scheme Damaged status Not for loan Collection code Home library Current library Date acquired Source of acquisition Total Checkouts Full call number Barcode Date last seen Copy number Price effective from Koha item type
    Dewey Decimal Classification     Filipiniana UM Digos College - LIC UM Digos College - LIC 04/10/2008 Purchased   DFil 364.132309599 M66 2007 19398 05/15/2025 1 07/12/2016 Filipiniana
    Dewey Decimal Classification     Filipiniana UM Digos College - LIC UM Digos College - LIC 04/10/2008 Purchased   DFil 364.132309599 M66 2007 19399 05/15/2025 2 07/12/2016 Filipiniana